Afl players who wear number 5 - Statistics

General Stats
  • This quiz has been taken 176 times
  • The average score is 5 of 18
Answer Stats
Hint Answer % Correct
Adelaide Matt Crouch
53%
Melbourne Christian Petracca
43%
Collingwood Jamie Elliott
39%
Brisbane Mitch Robinson
39%
Western Bulldogs Josh Dunkley
34%
Sydney Isaac Heeney
32%
Essendon Devon Smith
30%
Greater Western Sydney Dylan Shiel
29%
Fremantle Adam Cerra
27%
Carlton Sam Petrevski-Seton
25%
West Coast Brad Sheppard
20%
Richmond Brandon Ellis
19%
Geelong Nakia Cockatoo
17%
Port Adelaide Matthew Broadbent
14%
St Kilda Shane Savage
13%
Gold Coast Jarrod Harbrow
12%
Hawthorn Ryan Burton
12%
North Melbourne Ben Jacobs
10%
No matching quizzes found
Score Distribution
Percent of People with Each Score
Percentile by Number Answered
Your Score History
You have not taken this quiz